[Event "Wch U18"]
[Site "Guarapuava"]
[Date "1995.??.??"]
[Round "4"]
[White "Valenzuela, Luis"]
[Black "Socko, Bartosz"]
[Result "1/2-1/2"]
[WhiteElo "2340"]
[BlackElo "2485"]

1.d4 Nf6 2.c4 e6 3.Nf3 Bb4+ 4.Nbd2 b6 5.a3 Bxd2+ 6.Bxd2 Bb7 7.g3 O-O 8.Bg2 d6
9.O-O Nbd7 10.b4 Qe7 11.Rc1 c5 12.dxc5 bxc5 13.Bf4 e5 14.Be3 Ng4 15.Qb3 Nxe3
16.Qxe3 f5 17.Rfd1 e4 18.Nd2 Ne5 19.Qc3 Rac8 20.Re1 Rfd8 21.Bh3 g6 22.f4 Nc6
23.Nb3 cxb4 24.axb4 d5 25.c5 Ba6 26.Nd4 Bc4  1/2-1/2

[Event "Wichern op"]
[Site "Hamburg"]
[Date "1995.??.??"]
[Round "6"]
[White "Siebrecht, Sebastian"]
[Black "Gustafsson, Jan"]
[Result "1-0"]
[WhiteElo "2325"]
[BlackElo "2205"]

1.d4 Nf6 2.c4 e6 3.Nf3 Bb4+ 4.Nbd2 b6 5.g3 Bb7 6.Bg2 c5 7.dxc5 Bxc5 8.O-O O-O
9.a3 Be7 10.Qc2 Qc7 11.e4 d6 12.b4 Nbd7 13.Bb2 Rac8 14.Rac1 Rfd8 15.Qb1 Qb8
16.Nd4 a6 17.f4 Qa8 18.Rce1 Bf8 19.Qd1 Re8 20.g4 e5 21.Nf5 exf4 22.g5 Nxe4
23.Nxe4 Bxe4 24.Nh6+ Kh8 25.Nxf7+ Kg8 26.Nh6+ Kh8 27.Qh5 Bg6 28.Qh3 Qa7 29.Re6 b5+
30.c5 Ne5 31.Rxg6 gxh6 32.Rf6 Bg7 33.Rxd6 f3 34.gxh6 fxg2 35.hxg7+ Qxg7 36.Qxg2 Qxg2+
37.Kxg2 Kg8 38.Bxe5 Rxe5 39.Rxa6 Rg5+ 40.Kh1 Re5 41.c6 Rc7 42.Rb6 Re2 43.Rc1  1-0

[Event "Wichern op"]
[Site "Hamburg"]
[Date "1995.??.??"]
[Round "9"]
[White "Kempinski, Robert"]
[Black "Schlingensiepen, Christian"]
[Result "1/2-1/2"]
[WhiteElo "2455"]
[BlackElo "2295"]

1.d4 Nf6 2.Nf3 e6 3.c4 Bb4+ 4.Nbd2 b6 5.e3 Bb7 6.Bd3 O-O 7.O-O d5 8.a3 Be7
9.b4 dxc4 10.Nxc4 Nbd7 11.Re1 c5 12.dxc5 bxc5 13.b5 Nb6 14.Nfe5 Nxc4 15.Bxc4 Qc7
16.Bb2 Rfd8 17.Qe2 Ne4 18.Nxf7 Kxf7 19.Qg4 Bf6 20.Qxe6+ Kg6 21.Qg4+ Kh6 22.Qh3+ Kg6
23.Be6 Bxb2 24.Qf5+ Kh6 25.Qh3+ Kg6  1/2-1/2

[Event "Hania op"]
[Site "Hania"]
[Date "1995.??.??"]
[Round "5"]
[White "Sirigos, Nikolaos"]
[Black "Angelis, Mihail"]
[Result "1-0"]
[WhiteElo "2265"]
[BlackElo "2270"]

1.d4 Nf6 2.Nf3 e6 3.c4 Bb4+ 4.Nbd2 b6 5.a3 Bxd2+ 6.Qxd2 Bb7 7.e3 O-O 8.Be2 d6
9.O-O Nbd7 10.b3 Ne4 11.Qc2 f5 12.Ne1 Qe7 13.Bb2 Rf6 14.f3 Ng5 15.Nd3 Rff8
16.Nf2 Rad8 17.Rae1 Nf7 18.Bd3 c5 19.e4 fxe4 20.Nxe4 cxd4 21.Bxd4 Nfe5 22.Be2 Rf4
23.Qd2 Ng6 24.Be3 Rxe4 25.fxe4 Bxe4 26.Bg5 Nf6 27.Bd3 Bxd3 28.Qxd3 Ne5 29.Qg3 Ned7
30.Rd1 e5 31.Qd3 Nc5 32.Bxf6 Qxf6 33.Qd5+ Qe6 34.b4 Qxd5 35.Rxd5 Nb7 36.Rc1 Kf7
37.c5 bxc5 38.bxc5 Ke6 39.Rcd1 g5 40.c6  1-0

[Event "EU-ch U20"]
[Site "Holon"]
[Date "1995.??.??"]
[Round "1"]
[White "Murdzia, Piotr"]
[Black "Solak, Dragan"]
[Result "1/2-1/2"]
[WhiteElo "2425"]
[BlackElo "2240"]

1.d4 Nf6 2.Nf3 e6 3.c4 Bb4+ 4.Nbd2 d5 5.Qc2 O-O 6.g3 c5 7.dxc5 Bxc5 8.e3 Nc6
9.a3 dxc4 10.Qxc4 Qa5 11.Qb5 Qxb5 12.Bxb5 Bd7 13.b4 Be7 14.Bd3 Rfd8 15.Bb2 Be8
16.Ke2 Ng4 17.Rhf1 Bf6 18.Bxf6 Nxf6 19.Nb3 Ng4 20.Rfd1 Nce5 21.Nxe5 Nxe5
22.Be4 Rac8 23.Rxd8 Rxd8 24.Nd4 Nc4 25.f4 b6 26.Bd3 Nd6 27.Rc1 Kf8 28.Rc7 Rd7
29.Rxd7 Bxd7 30.h4 h6 31.Kf3 Ke7 32.g4 f6 33.Kg3 e5 34.fxe5 fxe5 35.Ne2 Bb5
36.Bxb5 Nxb5 37.a4 Nc7 38.Nc3 Kd6 39.Kf3 a5  1/2-1/2

[Event "HUN-chT1"]
[Site "HUN"]
[Date "1995.??.??"]
[Round "?"]
[White "Rezsek, Gyozo"]
[Black "Bernei, Andras"]
[Result "1/2-1/2"]
[WhiteElo "2125"]
[BlackElo "2325"]

1.d4 Nf6 2.c4 e6 3.Nf3 Bb4+ 4.Nbd2 d5 5.a3 Be7 6.e3 O-O 7.b4 a5 8.b5 c5 9.bxc6 Nxc6
10.Bb2 Rb8 11.Bd3 dxc4 12.Nxc4  1/2-1/2

[Event "HUN-chT1"]
[Site "HUN"]
[Date "1995.??.??"]
[Round "?"]
[White "Forgacs, Jozsef"]
[Black "Kovacs, Gabor"]
[Result "1/2-1/2"]
[WhiteElo "2300"]
[BlackElo "2230"]

1.d4 Nf6 2.c4 e6 3.Nf3 Bb4+ 4.Nbd2 O-O 5.a3 Be7 6.e3 b6 7.Bd3 Bb7 8.O-O c5
9.b3 cxd4 10.exd4 d5 11.Bb2 Nc6 12.Rc1 Rc8 13.Qe2 dxc4 14.bxc4 Na5 15.Rfe1 Bd6
16.Ne5 Qe7 17.Qe3 Rfd8 18.Qh3 Bxe5 19.dxe5 Nh5 20.Bxh7+ Kxh7 21.Qxh5+ Kg8
22.Ne4 Bxe4 23.Rxe4 g6 24.Qg4 Nb3 25.Rce1 Nc5 26.h4 Nxe4 27.Rxe4 Qd7 28.Rd4 Qa4
29.Rd6 Qc2 30.Qg5 Rxd6 31.exd6 Qd1+ 32.Kh2 Qxd6+ 33.Be5 Qf8 34.h5 Kh7 35.g4 gxh5
36.Kg3 h4+ 37.Qxh4+ Qh6 38.Qe7 Qg6 39.f3 Kg8 40.Qd7 Rf8 41.Bd6 Ra8 42.Qc6 Rd8
43.Bc7 Rd3 44.Be5 Kh7 45.Qe8 f6 46.Qe7+ Qg7 47.Qe8 Qg6 48.Qe7+ Kg8 49.Qxe6+ Qf7
50.Qf5 Rxa3 51.Bxf6 Ra5 52.Qc8+ Qf8 53.Qc6 Qf7 54.Qc8+ Qf8 55.Qc6 Qf7  1/2-1/2

[Event "HUN-chT1 9596"]
[Site "HUN"]
[Date "1995.??.??"]
[Round "1"]
[White "Certek, Pavel"]
[Black "Kovacs, G."]
[Result "1-0"]
[WhiteElo "2285"]
[BlackElo "2285"]

1.d4 Nf6 2.c4 e6 3.Nf3 Bb4+ 4.Nbd2 O-O 5.e3 c5 6.a3 Bxd2+ 7.Qxd2 d6 8.Bd3 Qc7
9.Qc2 e5 10.dxe5 dxe5 11.O-O Re8 12.Ng5 h6 13.Ne4 Nbd7 14.Nc3 Qc6 15.e4 Nf8
16.Nd5 Ng6 17.Re1 Nh7 18.b4 Ng5 19.Rb1 Ne6 20.Qd1 Qd6 21.Bf1 Rd8 22.Be3 b6
23.bxc5 Nxc5 24.Bxc5 bxc5 25.Qa4 Rd7 26.Nb6  1-0

[Event "Ikaros op"]
[Site "Ikarios"]
[Date "1995.??.??"]
[Round "8"]
[White "Vojinovic, Goran"]
[Black "Papaioannou, Ioannis"]
[Result "1-0"]
[WhiteElo "2425"]
[BlackElo "2405"]

1.Nf3 Nf6 2.d4 e6 3.c4 Bb4+ 4.Nbd2 d5 5.Qa4+ Nc6 6.a3 Bxd2+ 7.Bxd2 Ne4 8.Rd1 O-O
9.e3 a5 10.Qc2 a4 11.Bd3 f5 12.O-O Bd7 13.Be1 Qf6 14.Nd2 Qh6 15.Nb1 Rfc8
16.Qe2 Nd6 17.c5 Ne8 18.f3 b6 19.cxb6 cxb6 20.Bg3 Qg5 21.Nc3 Qe7 22.e4 Nxd4
23.Qe3 dxe4 24.fxe4 Qc5 25.Bf2 e5 26.exf5 Nf6 27.Qg5 Bc6 28.Bb1 h6 29.Qh4 Rd8
30.Rd3 Bb5 31.Rg3 Kh8 32.Re1 Bc6 33.Rg6 Rf8 34.Qg3 e4 35.Rxg7 Qc4 36.Rg6 Nxf5
37.Qe5 Ra5 38.Qf4 Kh7 39.Rxf6 Rxf6 40.Nxe4 Bxe4 41.Rxe4 Qf7 42.Rc4 Rd5 43.Bd4 Qe6
44.Qe4 Kg8 45.Bxf6 Rd1+ 46.Kf2  1-0

[Event "Kavala op"]
[Site "Kavala"]
[Date "1995.??.??"]
[Round "7"]
[White "Halkias, Stelios"]
[Black "Papaioannou, Ioannis"]
[Result "0-1"]
[WhiteElo "2235"]
[BlackElo "2405"]

1.d4 Nf6 2.Nf3 e6 3.c4 Bb4+ 4.Nbd2 d5 5.Qc2 O-O 6.g3 Nc6 7.Bg2 Ne4 8.O-O f5
9.Nb3 Be7 10.cxd5 exd5 11.Rd1 Bf6 12.Bf4 g5 13.Be5 Be7 14.Ne1 Nxe5 15.dxe5 c6
16.Nd3 Qb6 17.e3 f4 18.gxf4 a5 19.Rf1 Kh8 20.Nd2 Bf5 21.Nxe4 dxe4 22.Ne1 gxf4
23.Bxe4 Bh3 24.Bg2 Be6 25.exf4 Qd4 26.Rd1 Qxf4 27.Nd3 Qf5 28.Qe2 Rad8 29.Be4 Qh3
30.Kh1 Bc4 31.f3 Rd4 32.Rg1 Rfd8 33.Qe3 Rxe4 34.Qxe4 Bd5 35.Nf4 Qxf3+ 36.Qxf3 Bxf3+
37.Ng2 Rxd1  0-1

[Event "Kuopio op1"]
[Site "Kuopio"]
[Date "1995.??.??"]
[Round "?"]
[White "Yrjola, Jouni"]
[Black "Kiik, Kalle"]
[Result "1/2-1/2"]
[WhiteElo "2440"]
[BlackElo "2410"]

1.d4 Nf6 2.c4 e6 3.Nf3 Bb4+ 4.Nbd2 d5 5.Qa4+ Nc6 6.a3 Bxd2+ 7.Bxd2 Ne4 8.Bf4 O-O
9.e3 Ne7 10.h3 b6 11.Be2 c5 12.Rd1 cxd4 13.Nxd4 Bd7 14.Qc2 Ng6 15.Bh2 Rc8
16.O-O Qe7 17.Qb3 e5 18.Nf3 dxc4 19.Bxc4 Nf6 20.Rc1 Bc6 21.Be2 Nd7 22.Qb4 Nc5
23.Rfd1 f6  1/2-1/2

[Event "Las Palmas op"]
[Site "Las Palmas"]
[Date "1995.??.??"]
[Round "8"]
[White "Cramling, Pia"]
[Black "Morovic Fernandez, Ivan"]
[Result "1/2-1/2"]
[WhiteElo "2510"]
[BlackElo "2585"]

1.d4 Nf6 2.c4 e6 3.Nf3 Bb4+ 4.Nbd2 b6 5.e3 Bb7 6.Bd3 O-O 7.O-O c5 8.dxc5 Bxc5
9.a3 Be7 10.b3 d6 11.Bb2 Nbd7 12.Qe2 Qc7 13.Rfd1 Rac8 14.e4 Rfe8 15.Rac1 Bf8
16.b4 Ng4 17.Bc2 Nge5 18.Ba4 Red8 19.Nd4 a6 20.f3 Nc6 21.Qf2 Nde5 22.Qe3 Rb8
23.f4 Ng4 24.Qg3 Nxd4 25.Bxd4 e5 26.Ba1 b5 27.Qxg4 bxa4 28.fxe5 dxe5 29.c5 f6
30.Qe2 Qc6 31.Re1 a5 32.Qc4+ Kh8 33.b5 Qxc5+ 34.Qxc5 Bxc5+ 35.Rxc5 Rxd2 36.Rc4 h5
37.Bc3 Rc2 38.Bxe5 Rxc4 39.Bxb8 Bxe4 40.b6 Bc6 41.Rb1 Rc3 42.Bc7 Bb7 43.Rb5 Rxa3
44.Rxh5+ Kg8 45.Rxa5 Ra1+ 46.Kf2 a3 47.Bf4 Ra2+ 48.Ke3 Bxg2 49.Bd6 Rb2  1/2-1/2

[Event "Le Touquet op"]
[Site "Le Touquet"]
[Date "1995.??.??"]
[Round "?"]
[White "Roeder, Mathias"]
[Black "Le Bideau, Alain"]
[Result "1-0"]
[WhiteElo "2440"]
[BlackElo "2240"]

1.d4 Nf6 2.c4 e6 3.Nf3 Bb4+ 4.Nbd2 b6 5.a3 Bxd2+ 6.Bxd2 Bb7 7.Bg5 d6 8.e3 Nbd7
9.Qc2 h6 10.Bh4 Qe7 11.Rd1 g5 12.Bg3 h5 13.h4 Ne4 14.Nxg5 Nxg5 15.hxg5 Qxg5
16.Bh4 Qh6 17.c5 Qg6 18.Qc3 Bd5 19.cxd6 cxd6 20.Qc7 f5 21.Qxd6 Rh7 22.Rc1 a6
23.Rh3 Rf7 24.Rg3 Qh7 25.f3 b5 26.a4 bxa4 27.Qxa6  1-0

[Event "Linares op"]
[Site "Linares"]
[Date "1995.??.??"]
[Round "?"]
[White "Hjartarson, Johann"]
[Black "Kurajica, Bojan"]
[Result "1-0"]
[WhiteElo "2590"]
[BlackElo "2585"]

1.d4 Nf6 2.c4 e6 3.Nf3 Bb4+ 4.Nbd2 b6 5.a3 Bxd2+ 6.Bxd2 h6 7.g3 Bb7 8.Bg2 O-O
9.O-O d6 10.b4 Nbd7 11.Bc3 Qe7 12.Qc2 Be4 13.Qb2 c6 14.Rfe1 a5 15.Bf1 Bg6
16.Nd2 axb4 17.axb4 e5 18.dxe5 dxe5 19.Bh3 Rfe8 20.Rxa8 Rxa8 21.Nf3 Re8 22.Rd1 b5
23.cxb5 cxb5 24.Qa1 Be4 25.Qa5 Rc8 26.Ba1 Rb8 27.Qc7 Bxf3 28.exf3 Ra8 29.f4 Qxb4
30.Bxd7 Nxd7 31.Qxd7 exf4  1-0

[Event "Ljubljana op"]
[Site "Ljubljana"]
[Date "1995.??.??"]
[Round "7"]
[White "Kozul, Zdenko"]
[Black "Loginov, Vladimir"]
[Result "1/2-1/2"]
[WhiteElo "2580"]
[BlackElo "2525"]

1.d4 Nf6 2.c4 e6 3.Nf3 Bb4+ 4.Nbd2 b6 5.a3 Bxd2+ 6.Qxd2 Bb7 7.e3 O-O 8.Bd3 Ne4
9.Qc2 f5 10.O-O Nc6 11.b4 Ne7 12.Bb2 Ng6 13.d5 exd5 14.cxd5 Bxd5 15.Nd4 Qe7
16.f3 Nd6 17.Rae1 Be6 18.e4 fxe4 19.Bxe4 Nxe4 20.Rxe4 c5 21.Nxe6 dxe6 22.Rfe1 cxb4
23.axb4 e5 24.h4 Rac8 25.Qf2 Rf5 26.Qg3 Re8 27.Qg4 Qf6 28.Bc1 h5 29.Qg3 Rc8
30.Bb2 Re8 31.Bc1 Rc8 32.Bb2 Re8 33.Bc1  1/2-1/2

[Event "Ljubljana op"]
[Site "Ljubljana"]
[Date "1995.??.??"]
[Round "8"]
[White "Zheliandinov, Viktor"]
[Black "Petrosian, Arshak B"]
[Result "1/2-1/2"]
[WhiteElo "2350"]
[BlackElo "2435"]

1.d4 Nf6 2.c4 e6 3.Nf3 Bb4+ 4.Nbd2 O-O 5.e3 b6 6.Be2 Bb7 7.O-O c5 8.a3 Bxd2
9.Bxd2 d6 10.Bc3 Ne4 11.Qc2 Nd7 12.Rad1 f5 13.dxc5 bxc5 14.Ne1 Qg5 15.Qc1 Qe7
16.Ba5 Ne5 17.f3 Nf6 18.Bc3 Nf7 19.Nd3 Rac8 20.Nf2 e5  1/2-1/2

[Event "POL-chT"]
[Site "Lubniewice"]
[Date "1995.??.??"]
[Round "1"]
[White "Twardon, Marian"]
[Black "Macieja, Bartlomiej"]
[Result "0-1"]
[WhiteElo "2355"]
[BlackElo "2395"]

1.d4 Nf6 2.c4 e6 3.Nf3 Bb4+ 4.Nbd2 b6 5.e3 Bb7 6.Bd3 c5 7.dxc5 bxc5 8.O-O O-O
9.Nb3 d6 10.a3 Ba5 11.Nxa5 Qxa5 12.b4 Qc7 13.Bb2 Nbd7 14.b5 Ne4 15.Nd2 Nxd2
16.Qxd2 f5 17.a4 Rae8 18.f4 Nf6 19.a5 Ne4 20.Bxe4 Bxe4 21.Rfd1 Rd8 22.Bc3 Rd7
23.Ra3 Rb8 24.Rb3 Rb7 25.Qb2 Qc8 26.Ra1 d5 27.a6 Rb6 28.Ba5 dxc4 29.Rc3 Rb8
30.Rxc4 Bd3 31.Qb3 Rd5 32.Rac1 Bxc4 33.Qxc4 Qd7 34.Bc3 Qxb5 35.Qa2 Qb3 36.Qa5 Rd1+
37.Rxd1 Qxd1+ 38.Kf2 Rb3 39.Be5 Qc2+ 40.Kg3 Rxe3+ 41.Kh4 Qd1 42.Qc7  0-1

[Event "POL-chT"]
[Site "Lubniewice"]
[Date "1995.??.??"]
[Round "5"]
[White "Ostrowski, Leszek"]
[Black "Nowak, Ignacy"]
[Result "1-0"]
[WhiteElo "2240"]
[BlackElo "2400"]

1.d4 Nf6 2.c4 e6 3.Nf3 Bb4+ 4.Nbd2 O-O 5.a3 Bxd2+ 6.Qxd2 b6 7.g3 Bb7 8.Bg2 d6
9.O-O Nbd7 10.b4 Qe7 11.Bb2 Ne4 12.Qc2 f5 13.Rad1 a5 14.d5 axb4 15.axb4 c5
16.dxe6 Ndf6 17.Nh4 g6 18.f3 Ng5 19.Qd2 Ne8 20.Qc3 Rf6 21.bxc5 bxc5 22.e4 fxe4
23.fxe4 Rxf1+ 24.Rxf1 Qg7 25.e7 Ne6 26.Bh3 Qd4+ 27.Qxd4 Nxd4 28.Rf8+ Kg7
29.Nf3 Bc6 30.Nxd4 cxd4 31.Bxd4+ Kh6 32.Be3+ Kg7 33.Bd4+ Kh6 34.Be6 Rb8 35.Kf2 Rb7
36.Rf7 Bxe4 37.Be3+ g5 38.h4 Rb2+ 39.Ke1 Kg6 40.Rf8 Nc7 41.Bxg5 h6 42.Bf4  1-0

[Event "POL-chT"]
[Site "Lubniewice"]
[Date "1995.??.??"]
[Round "9"]
[White "Murdzia, Piotr"]
[Black "Szypulski, Andrzej"]
[Result "1/2-1/2"]
[WhiteElo "2425"]
[BlackElo "2395"]

1.d4 Nf6 2.Nf3 e6 3.c4 Bb4+ 4.Nbd2 O-O 5.g3 b6 6.Bg2 Bb7 7.a3 Bxd2+ 8.Bxd2 d6
9.O-O Nbd7 10.b4 Qe7 11.Qb3 c5 12.Bc3 cxd4 13.Bxd4 Rfc8  1/2-1/2

[Event "Lyon op"]
[Site "Lyon"]
[Date "1995.??.??"]
[Round "7"]
[White "Nenashev, Alexander"]
[Black "Lukov, Valentin"]
[Result "1-0"]
[WhiteElo "2605"]
[BlackElo "2425"]

1.d4 Nf6 2.c4 e6 3.Nf3 Bb4+ 4.Nbd2 b6 5.a3 Bxd2+ 6.Bxd2 Bb7 7.Bg5 d6 8.e3 Nbd7
9.Be2 O-O 10.O-O a5 11.b4 axb4 12.axb4 Qe7 13.Qc2 h6 14.Bh4 Rxa1 15.Rxa1 Ra8
16.Rxa8+ Bxa8 17.Nd2 Qf8 18.Qa4 Qb8 19.f3 Bb7 20.Nb1 c6 21.Nc3 Qa8 22.Qxa8+ Bxa8
23.Bg3 Ne8 24.d5 Kf8 25.e4 Ke7 26.dxc6 Bxc6 27.Kf1 Kd8 28.Ke1 g5 29.Kd2 e5
30.Bf2 Ng7 31.h4 Ne6 32.Bf1 Nf4 33.Nd1 g4 34.g3 Ne6 35.fxg4 Nf6 36.Bxb6+ Ke7
37.Nf2 Bxe4 38.Be3  1-0

[Event "CRO-chT"]
[Site "Makarska Tucepi"]
[Date "1995.??.??"]
[Round "?"]
[White "Kozul, Zdenko"]
[Black "Kurajica, Bojan"]
[Result "1/2-1/2"]
[WhiteElo "2580"]
[BlackElo "2595"]

1.d4 Nf6 2.c4 e6 3.Nf3 Bb4+ 4.Nbd2 d5 5.g3 O-O 6.Bg2 b6 7.O-O Bb7 8.cxd5 exd5
9.Ne5 Re8 10.Ndc4 Qc8 11.Ne3 Bd6 12.Nd3 c5 13.b3 cxd4 14.Nc2 Nc6 15.Bb2 Qg4
16.Re1 Bc8 17.e3 Qxd1 18.Raxd1 Ba6 19.Nxd4 Nxd4 20.Bxd4 Ne4 21.f3 Ng5 22.Nf4 Bb4
23.Nxd5 Bxe1 24.Nc7  1/2-1/2

[Event "CRO-chT"]
[Site "Makarska Tucepi"]
[Date "1995.??.??"]
[Round "?"]
[White "Teofilovic, Vjeran"]
[Black "Kostanjsek, Zorko"]
[Result "0-1"]
[WhiteElo "2140"]
[BlackElo "2220"]

1.d4 e6 2.Nf3 Nf6 3.c4 Bb4+ 4.Nbd2 O-O 5.a3 Be7 6.e4 d5 7.Qc2 c5 8.cxd5 exd5
9.e5 Nfd7 10.Bd3 h6 11.O-O Nc6 12.Re1 a5 13.Nf1 Nxd4 14.Nxd4 cxd4 15.f4 Re8
16.f5 Bh4 17.g3 Nxe5 18.Rxe5 Rxe5 19.gxh4 Qxh4 20.Qf2 Qxf2+ 21.Kxf2 Bxf5
22.Bf4 Re4 23.Bxe4 dxe4 24.Ng3 Bg6 25.Be5 Rd8 26.Rd1 d3 27.Ke3 Rd5 28.Bc3 f5
29.h4 Bf7 30.h5 Be8 31.Rg1 d2 32.Bd4 Ba4 33.Nxf5 Rxd4 34.Nxh6+ Kf8 35.Rf1+ Ke8
36.Kxd4 gxh6  0-1

[Event "CRO-chT"]
[Site "Makarska Tucepi"]
[Date "1995.??.??"]
[Round "?"]
[White "Kozul, Zdenko"]
[Black "Cvorovic, Drazen"]
[Result "1/2-1/2"]
[WhiteElo "2580"]
[BlackElo "2425"]

1.d4 Nf6 2.c4 e6 3.Nf3 Bb4+ 4.Nbd2 d5 5.g3 O-O 6.Bg2 a5 7.O-O Nc6 8.Qc2 dxc4
9.Rd1 b5 10.Ne4 Nxe4 11.Qxe4 Ra6 12.a3 Be7 13.Bf4 f5 14.Qc2 a4 15.e4 Na5
16.d5 Nb3 17.Rab1 fxe4 18.Ne5 exd5 19.Bxe4 d4 20.Bxh7+ Kh8 21.Qe4 g5 22.Be3 dxe3
23.Rxd8 exf2+ 24.Kg2 Bxd8 25.Nf7+ Rxf7 26.Qe8+ Kg7 27.Qg8+ Kh6 28.Qxf7 Rf6
29.Qg8 Bb7+ 30.Kh3 g4+ 31.Qxg4 Nd2 32.Qh4+ Kg7 33.Qg5+ Kxh7 34.Qxd2 Rh6+
35.Kg4 Rg6+ 36.Kf5 Bc8+ 37.Ke4 Re6+ 38.Kf3 Rf6+ 39.Kg2 Bb7+ 40.Kf1 Be7 41.Qd7 Rf7
42.Qxb5 Bc8 43.Kg2 Bd6 44.Rf1 Rf5 45.Qc6 Be6 46.Qe8 Re5 47.Qd8 Bd5+ 48.Kh3 Be6+
49.Kg2 Bd5+ 50.Kh3 Be6+  1/2-1/2

[Event "Mlada Boleslav op"]
[Site "?"]
[Date "1995.??.??"]
[Round "?"]
[White "Hrubant, Ivan"]
[Black "Chloupek, Stanislav"]
[Result "1/2-1/2"]
[WhiteElo "2250"]
[BlackElo "2305"]

1.d4 Nf6 2.c4 e6 3.Nf3 Bb4+ 4.Nbd2 O-O 5.a3 Be7 6.g3 b6 7.Bg2 Bb7 8.O-O c5
9.b3 cxd4 10.Nxd4 Bxg2 11.Kxg2 Qc8 12.e4 Nc6 13.Bb2 Rd8 14.Rc1 Nxd4 15.Bxd4 Qb7
16.Bxf6 Bxf6 17.a4 d6 18.Qf3 a6 19.Rfd1 b5 20.axb5 axb5 21.cxb5 Qxb5 22.Nc4 d5
23.exd5 exd5 24.Ne3 Qxb3 25.Rxd5 Rxd5 26.Nxd5 Qxf3+ 27.Kxf3  1/2-1/2

[Event "JUG-chT"]
[Site "Nis"]
[Date "1995.??.??"]
[Round "?"]
[White "Petronic, Jovan"]
[Black "Pavlovic, Dragoljub"]
[Result "1/2-1/2"]
[WhiteElo "2450"]
[BlackElo "2340"]

1.d4 Nf6 2.c4 e6 3.Nf3 Bb4+ 4.Nbd2 b6 5.e3 Bb7 6.a3 Bxd2+ 7.Qxd2 O-O 8.Be2 d6
9.O-O Nbd7 10.b4 a5 11.Bb2 axb4 12.axb4 Qe7 13.Qc2 Ne4 14.Nd2 Nxd2 15.Qxd2 Qg5
16.f3 Rxa1 17.Rxa1 Ra8 18.Rxa8+ Bxa8 19.Bc1 Bb7 20.Qc2 Qd8 21.Qa4 c6 22.e4 Qa8
23.Qxa8+ Bxa8 24.Bd1 Kf8 25.Kf2 Ke7 26.h4 e5 27.dxe5 Nxe5 28.Be2 c5 29.b5 Bb7
30.f4 Nd7 31.Bf3 Ba8 32.Bb2 f6 33.g4 h6 34.h5 Kf7 35.Ke3 Bb7 36.Be2 Bc8 37.Bc3 Bb7
38.Bf3 Bc8 39.Bg2 Nf8 40.Bf3 Nd7 41.Be2 Bb7 42.Be1 Nf8 43.Bg3 Nd7 44.Bh4 Bc8
45.Be1 Bb7 46.Bg3 Ke7 47.Bh4 Bc8 48.g5 fxg5 49.fxg5 hxg5 50.Bxg5+ Nf6 51.Kf4 Ke6
52.Bxf6 Kxf6 53.Bg4 Bxg4 54.Kxg4 Ke6 55.Kg5 Ke7 56.Kg6 Kf8 57.Kf5 Kf7 58.Kg4 Ke6
59.Kg5 Ke7  1/2-1/2

[Event "JUG-ch sf"]
[Site "Nis"]
[Date "1995.??.??"]
[Round "?"]
[White "Vojinovic, Goran"]
[Black "Dezelin, Milan"]
[Result "1-0"]
[WhiteElo "2440"]
[BlackElo "2335"]

1.d4 Nf6 2.Nf3 e6 3.c4 Bb4+ 4.Nbd2 b6 5.a3 Bxd2+ 6.Bxd2 Bb7 7.Bf4 O-O 8.e3 d6
9.h3 Nbd7 10.Be2 Ne4 11.O-O f5 12.Ne1 Qh4 13.Nd3 Rf6 14.Bh2 Rh6 15.Qe1 Qe7
16.f3 Ng5 17.Qc3 Nf6 18.Nf2 Rg6 19.Kh1 Nf7 20.Bd3 Ng5 21.d5 Rf8 22.Qc2 Nd7
23.f4 Nf7 24.e4 Nh6 25.Rae1 Qh4 26.b4 Rgf6 27.Qe2 Rg6 28.Qf3 Kh8 29.exf5 exf5
30.Re2 b5 31.a4 bxc4 32.Bxc4 Nb6 33.Bb3 Ng8 34.a5 Nd7 35.Rfe1 Qd8 36.Nd1 Nb8
37.Qf2 c5 38.bxc5 Qxa5 39.c6 Ba6 40.Qxa7 Qb4 41.Re3 Qd2 42.Bg3 Rxg3 43.Rxg3 Qxe1+
44.Kh2 Ne7 45.c7 Nd7 46.Qxa6 Nc5 47.Qa1 Ng6 48.Bc2 Qe7 49.Qa7 Qd7 50.Ne3 Ne7
51.Nxf5 Nc8 52.Qa1 Rf7 53.Nxg7 Rxg7 54.Bf5 Qe7 55.Bxc8 Ne4 56.Be6  1-0

[Event "JUG-ch sf"]
[Site "Nis"]
[Date "1995.??.??"]
[Round "?"]
[White "Ristic, Nebojsa"]
[Black "Raicevic, Ivica"]
[Result "1-0"]
[WhiteElo "2370"]
[BlackElo "2385"]

1.d4 e6 2.Nf3 Nf6 3.c4 Bb4+ 4.Nbd2 b6 5.a3 Bxd2+ 6.Qxd2 a5 7.b3 Bb7 8.g3 d6
9.Bg2 Nbd7 10.Bb2 Be4 11.O-O O-O 12.Rad1 Qc8 13.Bh3 c6 14.Nh4 d5 15.f3 Bg6
16.Nxg6 hxg6 17.Qc2 Qa6 18.Rc1 c5 19.cxd5 Nxd5 20.Qd2 cxd4 21.Bxd4 Qb5 22.Qb2 N5f6
23.a4 Qh5 24.Bg2 Rac8 25.Rfd1 Rfd8 26.b4 axb4 27.Qxb4 Qa5 28.Qxa5 bxa5 29.f4 Nd5
30.e3 N7f6 31.Bf3 Nd7 32.Kf2 Rb8 33.g4 Rdc8 34.g5 f6 35.h4 Kf7 36.Be2 Rxc1
37.Rxc1 Rb4 38.Bb5 N7b6 39.Bc5 Rb2+ 40.Kf3 Rb3 41.Bxb6 Nxb6 42.Rc7+ Kf8 43.Rc6 Nd5
44.Rxe6 Nc7 45.Bc4 Nxe6 46.Bxb3 Nc5 47.Bc2 f5 48.e4 fxe4+ 49.Ke3 Ke7 50.Kd4 Kd6
51.Bxe4 Nxa4 52.Bxg6 Nc5 53.Bf7 a4 54.h5 Ke7 55.Kxc5  1-0

[Event "JUG-ch sf"]
[Site "Nis"]
[Date "1995.??.??"]
[Round "?"]
[White "Vojinovic, Goran"]
[Black "Vukanovic, Sasa"]
[Result "1-0"]
[WhiteElo "2440"]
[BlackElo "2365"]

1.d4 Nf6 2.c4 e6 3.Nf3 Bb4+ 4.Nbd2 b6 5.a3 Bxd2+ 6.Bxd2 Bb7 7.Bg5 h6 8.Bh4 d6
9.e3 Nbd7 10.Nd2 g5 11.Bg3 h5 12.h4 g4 13.Qc2 Qe7 14.e4 e5 15.d5 a5 16.b3 Nf8
17.Nb1 Ng6 18.Nc3 Nd7 19.Rb1 O-O 20.Qd2 Kg7 21.Bd3 Rae8 22.Bc2 Bc8 23.f3 Nb8
24.fxg4 Bxg4 25.Qf2 f5 26.exf5 Nf4 27.O-O Bxf5 28.Bxf5 Rxf5 29.Qe3 Ref8 30.Ne4 Qf7
31.Rf2 Nd7 32.Ng5 Qg6 33.Rbf1 Nc5 34.Bxf4 exf4 35.Qd4+ Qf6 36.Qd1 Kg6 37.b4 axb4
38.axb4 Nd7 39.Ne6 Qxh4 40.Nxf8+ Rxf8 41.Qd3+ Kg5 42.Qh7  1-0

[Event "NLD-chT9596"]
[Site "?"]
[Date "1995.??.??"]
[Round "?"]
[White "Peek, Marcel"]
[Black "Winants, Luc"]
[Result "0-1"]
[WhiteElo "2335"]
[BlackElo "2500"]

1.d4 Nf6 2.c4 e6 3.Nf3 Bb4+ 4.Nbd2 b6 5.a3 Bxd2+ 6.Bxd2 Bb7 7.Bg5 d6 8.e3 Nbd7
9.Rc1 h6 10.Bh4 Qe7 11.Be2 c5 12.O-O O-O 13.Qa4 g5 14.Bg3 Ne4 15.Qc2 f5 16.Bd3 e5
17.dxe5 dxe5 18.Ne1 Rad8 19.f3 Nxg3 20.hxg3 e4 21.Be2 exf3 22.Bxf3 Qxe3+
23.Kh1 Be4 24.Qc3 Qxc3 25.Rxc3 Ne5 26.Rf2 Rfe8 27.Bh5 Re7 28.Nf3 Rd1+ 29.Kh2 Bxf3
30.Bxf3 Ng4+ 31.Bxg4 fxg4  0-1

[Event "Noumea op"]
[Site "Noumea"]
[Date "1995.??.??"]
[Round "4"]
[White "Solozhenkin, Evgeniy"]
[Black "Johansen, Darryl K"]
[Result "0-1"]
[WhiteElo "2480"]
[BlackElo "2500"]

1.d4 Nf6 2.c4 e6 3.Nf3 Bb4+ 4.Nbd2 b6 5.a3 Bxd2+ 6.Qxd2 O-O 7.e3 Bb7 8.Be2 d6
9.O-O Nbd7 10.b4 Qe7 11.Bb2 Ne4 12.Qc2 c5 13.Nd2 Nxd2 14.Qxd2 Rfd8 15.Rfd1 Nf8
16.dxc5 dxc5 17.Qc3 f6 18.Rxd8 Rxd8 19.Rd1 Rxd1+ 20.Bxd1 Qd6 21.Bc2 e5 22.f3 Bc6
23.Qe1 Be8 24.Be4 Bf7 25.Bd5 Qd7 26.Qd2 cxb4 27.axb4 b5 28.Bxf7+ Qxf7 29.c5 Qc4
30.h3 Kf7 31.Kh2 Ng6 32.Qd7+ Ne7 33.Qxa7 Qxb4 34.Qa2+ Qc4 35.Qxc4+ bxc4 36.Kg3 Ke6
37.Kf2 Kd5 38.Ke2 Kc6 39.Kd2 Nf5 40.f4 exf4 41.exf4 Kxc5 42.g4 Nd4 43.Ba3+ Kd5
44.f5 Nb3+ 45.Ke3 Nc5 46.Bb4 Nd7 47.Ba3 Ne5 48.Bb4 Nd7 49.Ba3 Nc5 50.Bb4 Ne4
51.Bf8 c3 52.Kd3 g6 53.fxg6 hxg6 54.h4 Nf2+ 55.Kxc3 Nxg4 56.Kd3 Ke5 57.Ke2 Ke4
58.Be7 Kf4 59.Bd6+ Ke4 60.Be7 f5 61.Bd6 f4 62.Be7  0-1

[Event "Novgorod op"]
[Site "Novgorod"]
[Date "1995.??.??"]
[Round "4"]
[White "Yakovich, Yuri"]
[Black "Lugovoi, Aleksei"]
[Result "1/2-1/2"]
[WhiteElo "2555"]
[BlackElo "2485"]

1.d4 Nf6 2.c4 e6 3.Nf3 Bb4+ 4.Nbd2 d5 5.Qa4+ Nc6 6.a3 Bxd2+ 7.Bxd2 Ne4 8.Qc2 e5
9.dxe5 Bf5 10.e3 Ng3 11.Qb3 Nxf1 12.Rxf1 dxc4 13.Qxb7 Be4 14.Nd4 Rb8 15.Qxc6+ Bxc6
16.Nxc6 Qd5 17.Nxb8 O-O 18.Na6 Qb5 19.O-O-O Qxa6 20.Bc3 Qh6 21.h3 Qg5 22.Rg1 h6
23.Rd4 Rd8  1/2-1/2

[Event "Novgorod op"]
[Site "Novgorod"]
[Date "1995.??.??"]
[Round "8"]
[White "Yakovich, Yuri"]
[Black "Makarov, Marat"]
[Result "1/2-1/2"]
[WhiteElo "2555"]
[BlackElo "2520"]

1.d4 Nf6 2.c4 e6 3.Nf3 Bb4+ 4.Nbd2 O-O 5.a3 Be7 6.e4 d5 7.Bd3 c5 8.dxc5 dxe4
9.Nxe4 Nxe4 10.Bxe4 Qxd1+ 11.Kxd1 Bxc5 12.b4 Be7 13.Ke2 f5 14.Bc2 Bf6 15.Rb1 e5
16.Bb2 Re8 17.Rhe1 Nc6 18.Kf1 Be6 19.c5 e4 20.Bxf6 gxf6 21.Nd2 Red8 22.Bb3 Kf7
23.Bxe6+ Kxe6 24.Nc4 Rd3 25.Nd6 Ne5 26.Nxb7 Nc4 27.Rbc1 Nd2+ 28.Ke2 Nb3 29.Rcd1 Nd4+
30.Kf1 Kd5 31.Nd6 a5 32.Rxd3 exd3 33.Rd1 axb4 34.axb4 Ra2 35.g4 d2 36.Nxf5 Nb5
37.Ne3+ Ke4 38.Kg2 Nc3 39.Rh1  1/2-1/2

[Event "CRO-chT2"]
[Site "Opatija"]
[Date "1995.??.??"]
[Round "?"]
[White "Lazovic, Gordan"]
[Black "Susak, Zeljko"]
[Result "1/2-1/2"]
[WhiteElo "2335"]
[BlackElo "2270"]

1.d4 Nf6 2.c4 e6 3.Nf3 Bb4+ 4.Nbd2 b6 5.e3 Bb7 6.Bd3 Ne4 7.Qc2 f5 8.O-O Nxd2
9.Nxd2 O-O 10.e4 Nc6 11.Nf3 Be7 12.a3 Qe8 13.d5 Nd8 14.Re1 f4 15.e5 Qh5 16.Be4 a5
17.Nd4 Kh8 18.Bf3 Qh6 19.Nb5 Rc8 20.Qb3 Bc5 21.Nc3 Bd4 22.Qd1 Bxc3 23.bxc3 Nf7  1/2-1/2